Quizzes
Events
Quiz Creation
Community
Videos
Private Events
Remove Ads
Sign In
Join for FREE
Feedback
Dark Mode
Quiz Categories
Sports
Geography
Music
Movies
Television
Just For Fun
Miscellaneous
History
Literature
Language
Science
Gaming
Entertainment
Religion
Holiday
For Kids
Quiz Lab
Recent
Popular Today
Quiz Kudos Today
Editor Picks
Curator Picks
Quizzes by...
Day
Popularity
Type
Ratings
Length
Year
Community
Subscriptions
Recent Discussions
Orange Saloon
Badges
Playlists
Quests
Create
Leaderboards
Showdown
Live 5
Trivia Bingo
Activity
Puzzle Library
Sporcle Events
Private Events
Virtual Trivia
Globe League
Become a Host
Pub Owners
SporcleCon
Opinionation
Our Games
Videos
Blog
Mobile Apps
Partnerships
Remove Ads and Go Orange
Feedback
Literature
Harry Potter
A Song of Ice and Fire
The Hunger Games
Literary Character
Shakespeare
Book
Author
Novel
Poem
Young Adult
Children's Books
Play
Lord of the Rings
Literature
Harry Potter
A Song of Ice and Fire
The Hunger Games
Literary Character
Shakespeare
Book
Author
Novel
Poem
Young Adult
Children's Books
Play
Lord of the Rings
Random Quiz
Search Sporcle
×
Quiz Lab
Quiz Lab
Literature
Chapter
Type in answers that appear in a list
Type in answers that appear in a list
Classic
Best Score? Go Orange.
Spies Frayn - Chapter 4 Stats
Can you name the Spies Frayn - Chapter 4?
By
13obuscher
10m
15 Questions
21 Plays
21 Plays
21 Plays
Comments
Comments
Give Quiz Kudos
Give Quiz Kudos
-
- Ratings
hide this ad
Replay
Link that replays current quiz
Next Quiz
Link to next quiz in quiz playlist
You Got
0%
They Got
Avg Score
22%
Avg Friend Score
Upgrade to see
Score Distribution
Jump to the score distribution portion of the page
Score
0/15
Timer
10:00
0
Plays Today
Hint
Answer
% Correct
What is Stephen's and Keith's hideout called?
privet
61.9%
Who does Keith and Stephen think Keith's mother is?
a spy
52.4%
Who discovered their hideout?
Barbara Berill
47.6%
Who is Geoff?
Stephen's brother
42.9%
What substance does barbara get on her hands?
slime
23.8%
What does Mrs Hayward do when coming out of Auntie Dees while they boys are spying on her?
she vanishes
19%
Complete the quote ' This is because I once asked my Mother what a -
was'
sheeney
19%
What happens to Stepehn when he spends the entire day finding out nothing?
he gets bored
14.3%
Hint
Answer
% Correct
What is the main symbol that is connected with spying?
x
14.3%
Where do they think Keith's mother is going in to vanish?
A tunnel
14.3%
Complete the quote 'A pair of -
'
secateurs
9.5%
What subject does Stephen struggle with that he confuses with spying?
algebra
9.5%
Complete the quote ' Or a kind of -
machine'
time
9.5%
Finish the quote: 'Another little game your barmy pal's -
'
dreamed up
4.8%
Why is Stephen distracted at school?
he is thinking about spying
0%
Quiz Playlist
Details
Report
Send in Message
Add To Playlist
Classic:
Type in answers that appear in a list
Last Updated: Mar 6, 2017
Quiz Scoreboard
CHALLENGE
Sign Up to Join the Scoreboard
Show All
Scores
Hide
Comments
May contain spoilers
Recently Published
Presidents Visiting Landmarks
by Hejman
History
7m
An Introduction to Baseball
by treessimontrees
Sports
5m
Movies - When Are They Set?
by FPL_Elf
Movies
5m
More to Explore
Quiz From the Vault
Featured Blog Post
Where Did the Easter Bunny Come From?
hide this ad
You Might Also Like...
Tags
Chapter
Spy
Today's Top Quizzes in Literature
Browse Literature
hide this ad
Today's Top Quizzes in Chapter
Browse Chapter
Top Contributed Quizzes in Literature
1
Sneaky Slytherin Logic Puzzle
2
Get The Picture: Black or White Literature
3
5-to-1: Plays
4
A Court of Thorns and Roses (ACoTaR) Logic Puzzle
5
One Thing in Common: Literature
6
One Thing in Common: Books
7
One Thing in Common: Literature 3
8
One Thing in Common: Literature II
9
Harry Potter Neighbourly Logic Puzzle #5
10
Harry Potter Neighbourly Logic Puzzle #6
Explore More
Trending Topics
Crossword
Harry Potter
Anime
NBA
Kpop
Marvel
Disney
Soccer
WWE
Pokémon
The Office
Country
NFL
Song
Puzzle
hide this ad
More By:
13obuscher
Quiz
Plays
Rating
Category
Featured
Created
Spies Frayn - Chapter 4
21
Literature
Mar 6, 2017
Go to Creator's Profile
Score Distribution
Quiz Creator Spotlight
13obuscher
Follow
Send a Message
Quizzes Created
-
Created Quiz Play Count
-
More By This Creator
Popular Quizzes Today
1
Find the US States - No Outlines Minefield
2
Find the Countries of Europe - No Outlines Minefield
3
The Countries of the World
4
Find the US States
5
Popular People in 1961
6
US States
7
Risky Map Clicking: Biggest States A-Z
8
Movies - When Are They Set?
More Literature Quizzes
Bad Harry Potter Spin-Offs
Published
Trending Quizzes
Risky Map Clicking: Least Populous States A-Z
1-10 Letter G Words
1-10 Letter F Words
Risky Map Clicking: Next State Alphabetically
Risky Map Clicking: Biggest States A-Z
Recently Updated
Leaping Animals
pecheneg
Reality TV Shows (A-Z)
bhenderson79
Rickey Henderson's Hall of Fame Teammates
pecheneg
Champions League XIs: Arsenal
pecheneg
Quick Pick: Celebrities in WWE's Hall of Fame
aduchscher
A-Z Keypad Blitz II
pecheneg
Multiple Oscar Actors
pecheneg
Mystery Phrase Blitz: Oscar 'Best Actors'
pecheneg
F. Scott Fitzgerald Novels
LTH
Pick 3 Villains
ddd62291
Trending Topics
Harry Potter
Marvel
Anime
Disney
NBA
Kpop
Crossword
Country
WWE
The Office
Song
Pokémon
NFL
Puzzle
Soccer
Your Account Isn't Verified!
In order to create a playlist on Sporcle, you need to verify the email address you used during registration. Go to your
Sporcle Settings
to finish the process.
Report this User
Report this user for behavior that violates our
Community Guidelines
.
Details:
Send Report
Go to the Sporcle.com Mobile Site →
Comments